| 000 | 00726nam a2200217 a 4500 | ||
|---|---|---|---|
| 005 | 20251111063905.0 | ||
| 008 | 010525s1998 mx fr 000 0 spa d | ||
| 020 | _a848196106X | ||
| 035 | _aUPN01000106871 | ||
| 049 | _aCG | ||
| 050 | 4 |
_aMT18 _bD5.2 |
|
| 100 | 1 | _aDíaz, Maravillas | |
| 245 | 1 | 3 |
_aLa creatividad como transversalidad al proceso de educación musical / _cMaravillas Díaz y Ana Lucía Frega. |
| 260 |
_aSalamanca, Esp. : _bAmarú, _bProducciones AgrupArte, _c1998 |
||
| 300 |
_a79 p. : _bil. |
||
| 440 | 0 |
_aMúsica, arte y proceso ; _v5 |
|
| 650 | 4 |
_aMúsica _xEstudio y enseñanza _9174 |
|
| 650 | 2 |
_aCreación (literaria, artística, etc.) _95738 |
|
| 700 | 1 |
_aFrega, Ana Lucía, _ecoaut. |
|
| 905 | _aLibro | ||
| 999 |
_c80783 _d80783 |
||